000 01272nam a2200241Ia 4500
003 OSt
005 20240523153142.0
008 210719s2005 xx 000 0 und d
040 _cAL
041 _aTulu
082 _aT894.3 SHRA
100 _aSHREEMATIRAO (B K)
_dಶ್ರೀಮತಿ ರಾವ್ (ಬಿ ಕೆ)
_9167149
245 _aAparupoda aparanjilu: Tulu pavranika katha sankalana
_bಅಪರೂಪದ ಅಪರಂಜಿಲು: ತುಳು ಪೌರಾಣಿಕ ಕಥಾ ಸಂಕಲನ
260 _aDakshina Kannada
_bYugapurusha Prakatanalaya
_c2005
300 _a101
_bPB
365 _b50
_cRs
440 _aYugapurusha granthamale 387
_9167150
520 _aಪರಿವಿಡಿ i ಪ್ರಸ್ತಾವನೆ 1. ಕಲ್ಲ್ ಡ್ಡ ರಲ್ದು೦ತ್ಯಲ್!!! 2. ಮದಯಂತಿ 3. ಪಂಚಕನ್ಯೆರ್ಡ್ಒರ್ತಿ 4. ಚಾಂದ್ರಮಸಿ 5. ಮಹಾಸಾದ್ವಿ, ಮಾಧವಿ 6. ವಶವಾಯರ್ ಪರಾಶರೆರ್ ! 7. ಪೃಥೆನ ವ್ಯಥೆತ ಕತೆ 8. ಉರಿತೊ ಮರಿ
650 _aTulu Fiction
_9167151
650 _aTulu Fiction
_9167151
906 _aaparanjilu ; Aparupoda ; katha ; pavranika ; sankalana ; Tulu
942 _2ddc
_cBK
999 _c214934
_d214934